| 000 | 00691nam a2200229 a 4500 | ||
|---|---|---|---|
| 005 | 20140310183401.0 | ||
| 008 | 121115s19uu xx 00 eng d | ||
| 020 | _a9781608714162 | ||
| 050 |
_aPN 4784.B75 _b.B557 2012 |
||
| 100 | _aBlock, Mervin | ||
| 245 |
_aBroadcast newswriting : _bthe RTDNA reference guide / _cMervin Block. |
||
| 250 | _a2nd ed. | ||
| 260 |
_aWashington, D.C. ; London : _bCQ Press ; SAGE, _c2012. |
||
| 300 |
_a255 p. : _c23 cm. |
||
| 500 | _aIncludes index. | ||
| 521 | _aMC | ||
| 650 |
_aBroadcast journalism _xAuthorship |
||
| 650 | _aReport writing | ||
| 700 | _aRadio-Television News Directors Association | ||
| 942 |
_cBK _2lcc _kFOR |
||
| 999 |
_c22309 _d22309 |
||